000 00614cam a22002177a 4500
001 2773259
003 GBCCL
005 20241126110334.0
008 810605s1981 ilu 000 0 eng
010 _a 80052947
020 _a0896930076 (pbk.) :
_c$3.95
040 _aDLC
_cDLC
_dDLC
082 _a241.1
_bPOW
100 1 _aPowell, Paul W.
_9212
245 1 0 _aWhy me Lord? /
_cPaul W. Powell.
260 _aWheaton, Ill. :
_bVictor Books,
_cc1981.
300 _a119 p. ;
_c21 cm.
440 2 _aA Victor adult elective/13 sessions
_9213
906 _a7
_bcbc
_corignew
_d4
_eocip
_f19
_gy-gencatlg
942 _2ddc
_cBK
_09
999 _c285
_d285